000 00320nam a22001337a 4500
008 180202b xxu||||| |||| 00| 0 eng d
020 _a9076998817
041 _aeng
080 _a612.39
100 _a9
101 _aNUT
245 _aXX International grassland congress: Offered papers
_cO'mara,F.P
942 _2udc
_cBK
999 _c41632
_d41632